Normal view
MARC view
- العلاقات الاسرية - الاباء والابناء
Entry Topical Term
001 - CONTROL NUMBER
- control field: 17291
003 - CONTROL NUMBER IDENTIFIER
- control field: JO-AjAnu
005 - DATE AND TIME OF LATEST TRANSACTION
- control field: 20230606073045.0
008 - FIXED-LENGTH DATA ELEMENTS
- fixed length control field: 230606|| aca||aabn | a|a d
040 ## - CATALOGING SOURCE
- Original cataloging agency: JO-AjAnu
- Transcribing agency: JO-AjAnu
150 ## - HEADING--TOPICAL TERM
- Topical term or geographic name entry element: العلاقات الاسرية - الاباء والابناء
670 ## - SOURCE DATA FOUND
- Source citation: Work cat.: (JO-AjAnu)8878: نقرش، احمد عبدالقادر, author 17290, دراسات في مشكلات الاباء والابناء